00845 a2200133 4500020001800000082002000018100002700038245003700065260003000102300001500132504001800147520046900165650007700634 a9789387894914 a954.0099bMUK-R aMukhopadhyay, Nilanjan aRSSb: icons of the Indian right bTranquebarc2019aChennai axii, 462p. aInclude Index aA fog of mystery surrounds the Rashtriya Swayamsevak Sangh—or RSS—the largest cadre-based organisation in the world. Veteran journalist and author of the bestseller Narendra Modi: The Man, The Times, Nilanjan Mukhopadhyay lays bare its fascinating, unique and perhaps startling world. He also chronicles the personal and political journeys of the most important men (and a woman) of the Hindu Right-wing, digging up little-known but revealing facts about them. aRashtriya Swayam Sevak SanghvHindutvavPoliticiansvNationalistszIndia